1ª Guerra Mundial - história - Statistics

Estatísticas Gerais
  • Esse quiz foi jogado 1 860 vezes
  • A pontuação média é 9 de 15
Estatísticas das Respostas
Pergunta Resposta % Correto
Qual ano começou a Guerra? 1914
95%
Armas nucleares foram utilizadas na guerra? (sim ou não) Não
81%
Qual ano terminou a Guerra? 1918
78%
Brasil não enviou soldados na 1ª guerra. (verdadeiro ou falso) Verdadeiro
77%
Qual país se torna a maior potência após a Guerra? Estados Unidos
76%
Alemanha, Áustria Hungria e Itália faziam parte da? Tríplice Aliança
72%
Inglaterra, França, Rússia faziam parte da? Tríplice Entente
68%
Estados Unidos entraram na Guerra no lado da? Tríplice Entente
68%
Que país saiu da guerra pelo Tratado de Brest Litovski? Rússia
66%
Um dos motivos da guerra foi o território de Alsácia e Lorena, este pertencia a qual país antes de ser tomado pela Alemanha? França
63%
A principal fase da Guerra foi a fase de? Trincheiras
47%
Com o final da Guerra, qual o nome do Tratado que a Alemanha assinou? Tratado de Versalhes
44%
O que foi criado após a guerra que pode ser considerado um embrião da ONU, mas que não funcionou o suficiente para cumprir o objetivo de evitar uma nova guerra mundial? Liga das Nações
29%
O estopim do guerra foi o assassinato de quem? Fransisco Ferdinando
23%
A situação da Europa com os países em tensão e investindo muito na indústria bélica, é denominada: Paz armada
16%
Nenhum quiz correspondente encontrado
Distribuição das Pontuações
Porcentagem de Pessoas com Cada Pontuação
Percentil de Números Respondidos
Sua Pontuação Histórica
Você não jogou esse quiz